Statistics for Regions of Kazakhstan (With a Map)

Click here to take the quiz!

General Stats

  • This quiz has been taken 2,380 times
  • The average score is 9 of 18

Answers on the Map

Answers color-coded by a green-red scale on the quiz's map according to % correct below.
 

Answer Stats

Answer% Correct
Nur-Sultan
88%
Almaty (City)
87%
Almaty (Region)
87%
West Kazakhstan
54%
Aktobe
53%
East Kazakhstan
53%
North Kazakhstan
51%
Atyrau
50%
Karaganda
48%
Shymkent
47%
Pavlodar
46%
Akmola
44%
Kyzylorda
42%
Kostanay
37%
Mangystau
37%
Turkistan
36%
Jambyl
31%
Baikonur
28%

Score Distribution

Percentile by Number Answered

Percent of People with Each Score

Your Score History

You have not taken this quiz